| 000 | 00662nam a2200205Ia 4500 | ||
|---|---|---|---|
| 003 | GCL | ||
| 008 | 140319s9999 xx 000 0 ara d | ||
| 020 | _a548843052 | ||
| 040 |
_aGCL / _cGCL |
||
| 082 | 0 | 4 |
_a843.03 _bف ح |
| 100 | 1 | _aفيرن، جول | |
| 245 | 1 | 0 |
_aحول العالم فى ثمانين يوما / _cفيرن، جول |
| 260 |
_aالقاهرة : _bوزارة الثقافة ، _c2003 |
||
| 300 |
_aمتعدد ؛ _c22 سم |
||
| 490 |
_aالكتاب للجميع _v17 |
||
| 650 | 0 | 4 | _aالرحلات حول العالم |
| 650 | 0 | 4 | _aالادب الفرنسى المترجم |
| 650 | 0 | 4 | _aالرحلات الخيالية |
| 942 |
_2ddc _cBK |
||
| 999 |
_c5895 _d5895 |
||